书目信息 |
| 题名: |
道路勘测设计
|
|
| 作者: | 廖明军 , 张永强 , 李丹丹 主编 | |
| 分册: | ||
| 出版信息: | 武汉 武汉大学出版社 2020.07 |
|
| 页数: | 373页 | |
| 开本: | 27cm | |
| 丛书名: | 普通高等学校土木工程专业创新系列规划教材 | |
| 单 册: | ||
| 中图分类: | U412 | |
| 科图分类: | ||
| 主题词: | 道路测量--dao lu ce liang--高等学校--教材 , 道路工程--dao lu gong cheng--设计--高等学校--教材 | |
| 电子资源: | ||
| ISBN: | 978-7-307-21504-7 | |
| 000 | 01269nam 2200325 450 | |
| 001 | 202020139592 | |
| 005 | 20200926181346.0 | |
| 010 | @a978-7-307-21504-7@dCNY60.00 | |
| 100 | @a20200917d2020 em y0chiy50 ea | |
| 101 | 0 | @achi |
| 102 | @aCN@b420000 | |
| 105 | @aak a 000yy | |
| 106 | @ar | |
| 200 | 1 | @a道路勘测设计@Adao lu kan ce she ji@f主编廖明军, 张永强, 李丹丹 |
| 205 | @a第2版 | |
| 210 | @a武汉@c武汉大学出版社@d2020.07 | |
| 215 | @a373页@c图@d27cm | |
| 225 | 2 | @a普通高等学校土木工程专业创新系列规划教材@Apu tong gao deng xue xiao tu mu gong cheng zhuan ye chuang xin xi lie gui hua jiao cai |
| 300 | @a卓越工程师 互联网+全媒体 二维码版 | |
| 320 | @a有书目 | |
| 330 | @a本书系统介绍了道路勘测设计的基本概念、基本原理和规划设计方法。该书共分12部分, 内容包括: 绪论 ; 汽车行驶理论 ; 平面设计 ; 纵断面设计 ; 横断面设计 ; 平面交叉设计等。 | |
| 410 | 0 | @12001 @a普通高等学校土木工程专业创新系列规划教材 |
| 606 | 0 | @a道路测量@Adao lu ce liang@x高等学校@j教材 |
| 606 | 0 | @a道路工程@Adao lu gong cheng@x设计@x高等学校@j教材 |
| 690 | @aU412@v5 | |
| 701 | 0 | @a廖明军@Aliao ming jun@4主编 |
| 701 | 0 | @a张永强@Azhang yong qiang@4主编 |
| 701 | 0 | @a李丹丹@Ali dan dan@4主编 |
| 801 | 0 | @aCN@c20200806 |
| 905 | @a河南城建学院图书馆@dU412@eL469 | |
| 道路勘测设计/主编廖明军, 张永强, 李丹丹.-第2版.-武汉:武汉大学出版社,2020.07 |
| 373页:图;27cm.-(普通高等学校土木工程专业创新系列规划教材) |
| 卓越工程师 互联网+全媒体 二维码版 |
| ISBN 978-7-307-21504-7:CNY60.00 |
| 本书系统介绍了道路勘测设计的基本概念、基本原理和规划设计方法。该书共分12部分, 内容包括: 绪论 ; 汽车行驶理论 ; 平面设计 ; 纵断面设计 ; 横断面设计 ; 平面交叉设计等。 |
| ● |
| 相关链接 |
|
|
|
正题名:道路勘测设计
索取号:U412/L469
 
预约/预借
| 序号 | 登录号 | 条形码 | 馆藏地/架位号 | 状态 | 备注 |
| 1 | 1489448 | 214894480 | 自科库501/501自科库 51排2列3层/ [索取号:U412/L469] | 在馆 | |
| 2 | 1489449 | 214894499 | 自科库501/501自科库 51排2列3层/ [索取号:U412/L469] | 在馆 |